Teología del Antiguo Testamento

Αποθηκεύτηκε σε:
Λεπτομέρειες βιβλιογραφικής εγγραφής
Κύριος συγγραφέας: Eichrodt, Walther (Συγγραφέας)
Μορφή: Βιβλίο
Γλώσσα:Ισπανικά
Έκδοση: Madrid Cristiandad 1975
Θέματα:
Ετικέτες: Προσθήκη ετικέτας
Δεν υπάρχουν, Καταχωρήστε ετικέτα πρώτοι!

MARC

LEADER 00000nam a2200000 a 4500
001 UCX0234
003 CL-VaPUC
008 890830e19750000SP |||||||||||||||||spa|d
020 |a 8470571842 
020 |a 8470571850v.1 
082 0 4 |a 221  |b EIC  |2 21 
100 0 |a Eichrodt, Walther  |e author  |9 315617 
245 1 0 |a Teología del Antiguo Testamento 
300 |a 2 v 
942 |c BK 
945 |d 19890830 00:00:00  |a aalvarez 
260 |a Madrid  |b Cristiandad  |c 1975 
500 |a v.1: Dios y pueblo 
650 0 |a Biblia  |9 257603 
650 0 |a Antiguo testamento   |9 313678 
583 |a last modification  |c 19890830 00:00:00  |k Rodrigo Vera 
999 |c 221899  |d 221897 
952 |0 0  |1 0  |4 0  |6 221_000000000000000_EIC_1975  |7 0  |8 A  |9 215931  |a BIBTEO  |b BIBTEO  |d 2019-11-15  |h v.1  |i 2845040  |o 221 EIC 1975  |p 2845040  |r 2025-01-17  |w 2019-11-15  |y BK  |k ICR 
952 |0 0  |1 0  |4 0  |6 221_000000000000000_EIC_1975  |7 0  |8 A  |9 215932  |a BIBTEO  |b BIBTEO  |d 2019-11-15  |h v.2  |i 2845059  |o 221 EIC 1975  |p 2845059  |r 2025-01-17  |w 2019-11-15  |x Descarte 2019  |y BK  |k ICR 
952 |0 0  |1 0  |4 0  |6 221_000000000000000_EIC_1975  |7 0  |8 A  |9 215933  |a BIBTEO  |b BIBTEO  |d 2019-11-15  |h v.2  |i 2078856  |o 221 EIC 1975  |p 2078856  |r 2025-01-17  |w 2019-11-15  |y BK  |k ICR